000 00615cam a22001935a 4500
001 L155812
008 120417s1817 xxk f 000 0 eng d
035 _a(Sirsi) u155812
041 0 _aeng
100 1 _aCrocker, Abraham
245 0 4 _aThe elements of land surveying
_bdesigned principally for the use of schools and students
250 _aFourth edition
260 _aLondon
_bLongman, Hurst, Rees, Orme, Brown
_c1817
300 _axii, 303 p.
_bill., map
_c19 cm.
583 _aCondition reviewed
_c20120620
_lcondition level 3
651 4 _aGreat Britain
_y1707-
690 _aMeasurement
_96256
942 _n0
999 _c113844
_d113844